[Event "Int. Stuttgarter Stadtmeisterschaft A"]
[Site "Ditzingen"]
[Date "2012.05.19"]
[Round "6.1"]
[White "Karpatchev, Aleksandr"]
[Black "Strunski, Andreas"]
[Result "1-0"]
[WhiteElo "2414"]
[BlackElo "2362"]
[PlyCount "107"]
[EventDate "2012.??.??"]
[WhiteTeam "SF Bad Mergentheim"]
[BlackTeam "Stuttgarter SF 1879"]

1. e4 c5 2. c3 d5 3. exd5 Qxd5 4. d4 g6 5. Nf3 Bg7 6. Na3 cxd4 7. Nb5 Na6 8.
Nbxd4 Nf6 9. Bb5+ Bd7 10. Bxa6 bxa6 11. O-O O-O 12. Re1 Rfe8 13. Ne5 Rab8 14.
Qf3 Qxf3 15. Ndxf3 Rb7 16. Ng5 Rf8 17. Nd3 Bb5 18. Nc5 Rc7 19. Nb3 Nd5 20. Bd2
Rb8 21. Rad1 Bc4 22. Bc1 e6 23. Nf3 Rcc8 24. Nfd4 Rb6 25. Re4 a5 26. Nxa5 Bxa2
27. Ndc6 Rbxc6 28. Nxc6 Rxc6 29. Ra4 Bb3 30. Rxa7 h6 31. Re1 g5 32. h3 f5 33.
Rb7 Bc4 34. Bd2 Ba6 35. Ra7 f4 36. Ra1 Nc7 37. Rxc7 Rxc7 38. Rxa6 Rb7 39. b4
Rd7 40. Ra2 Rc7 41. b5 Rc5 42. Rb2 Bxc3 43. Bxc3 Rxc3 44. b6 Rc1+ 45. Kh2 Rc8
46. b7 Rb8 47. Kg1 h5 48. Kf1 g4 49. hxg4 hxg4 50. Ke2 Kf7 51. Kd3 Ke7 52. Ke4
g3 53. f3 Kd6 54. Kxf4 1-0

[Event "Int. Stuttgarter Stadtmeisterschaft A"]
[Site "Ditzingen"]
[Date "2012.05.19"]
[Round "6.2"]
[White "Gheng, Josef"]
[Black "Ikonnikov, Vyacheslav"]
[Result "0-1"]
[WhiteElo "2334"]
[BlackElo "2539"]
[PlyCount "140"]
[EventDate "2012.??.??"]
[WhiteTeam "SC Erdmannhausen"]
[BlackTeam "SF Bad Mergentheim"]

1. c4 e5 2. Nc3 Nc6 3. g3 g6 4. Bg2 Bg7 5. d3 Nge7 6. Rb1 a5 7. a3 Nd4 8. e3
Ne6 9. Nge2 f5 10. f4 d6 11. O-O O-O 12. Bd2 c6 13. Be1 Rb8 14. b4 axb4 15.
axb4 b5 16. cxb5 cxb5 17. Qb3 Kh8 18. Bf2 Nc7 19. Rfc1 Be6 20. Qa3 Ncd5 21.
Nxd5 Bxd5 22. Bxd5 Nxd5 23. Qb3 Nf6 24. Rc6 Rc8 25. Qc2 e4 26. Nd4 Rxc6 27.
Qxc6 exd3 28. Qxb5 d2 29. Qd3 Ne4 30. Nf3 Nc3 31. Nxd2 Nxb1 32. Nxb1 Qc7 33.
Nd2 Rb8 34. b5 Qd7 35. Qd5 Bc3 36. Nc4 Rxb5 37. Qxd6 Qxd6 38. Nxd6 Rd5 39. Nf7+
Kg7 40. Ng5 h6 41. Nf3 Rd1+ 42. Kg2 Kf6 43. h3 Rb1 44. g4 Ke6 45. Nh4 Kf6 46.
Nf3 Kf7 47. Nh2 Rb2 48. Nf3 Ke6 49. Kg3 Bf6 50. g5 hxg5 51. fxg5 Be7 52. Nh4
Kf7 53. Nf3 Ra2 54. h4 Bd6+ 55. Kg2 Bc5 56. Kf1 f4 57. Ne5+ Ke6 58. Ng4 Kf5 59.
exf4 Bxf2 60. Nxf2 Kxf4 61. Nd3+ Kf5 62. Nf2 Ra4 63. h5 gxh5 64. Kg2 Ra3 65.
Nh3 Kg4 66. Nf2+ Kxg5 67. Nh3+ Kf5 68. Nf2 h4 69. Kh2 Ra2 70. Kg1 Kf4 0-1

[Event "Int. Stuttgarter Stadtmeisterschaft A"]
[Site "Ditzingen"]
[Date "2012.05.19"]
[Round "6.3"]
[White "Ackermann, Hans Werner"]
[Black "Epishin, Vladimir"]
[Result "0-1"]
[WhiteElo "2290"]
[BlackElo "2572"]
[PlyCount "72"]
[EventDate "2012.??.??"]
[WhiteTeam "SC Hansa Dortmund e.V."]
[BlackTeam "Lübecker SV von 1873"]

1. e4 c6 2. d4 d5 3. Nc3 a6 4. Nge2 e6 5. g3 Nf6 6. Bg2 Be7 7. O-O O-O 8. a3
Nxe4 9. Nxe4 dxe4 10. Bxe4 Nd7 11. c4 e5 12. d5 Nf6 13. Bg2 cxd5 14. cxd5 Bg4
15. h3 Bh5 16. g4 Bg6 17. Nc3 Bc5 18. Bg5 Qd6 19. Bxf6 Qxf6 20. Ne4 Bxe4 21.
Bxe4 g6 22. Rc1 Bd6 23. Rc3 Rfc8 24. Qf3 Qe7 25. Rxc8+ Rxc8 26. Rd1 Kg7 27. Kf1
Rh8 28. Kg2 h5 29. Qg3 Qg5 30. Qe3 Qh4 31. f3 Rf8 32. Qb6 Qe7 33. Bb1 hxg4 34.
hxg4 Rh8 35. Rh1 Rxh1 36. Kxh1 Bc5 0-1

[Event "Int. Stuttgarter Stadtmeisterschaft A"]
[Site "Ditzingen"]
[Date "2012.05.19"]
[Round "6.4"]
[White "Vaysberg, Alexander"]
[Black "Neyman, Igor"]
[Result "0-1"]
[WhiteElo "2198"]
[BlackElo "2314"]
[PlyCount "118"]
[EventDate "2012.??.??"]
[WhiteTeam "SC Gross-Sachsenheim"]
[BlackTeam "Stuttgarter SF 1879"]

1. e4 c5 2. Nc3 Nc6 3. Bb5 Nd4 4. f4 a6 5. Bd3 g6 6. Nf3 Bg7 7. Nxd4 cxd4 8.
Ne2 d6 9. O-O e6 10. b3 Ne7 11. Bb2 Nc6 12. Qe1 O-O 13. Qf2 e5 14. f5 gxf5 15.
exf5 Bf6 16. c4 b5 17. Be4 Bd7 18. Qf3 Rc8 19. Qh5 Kh8 20. Ba3 b4 21. Bc1 d3
22. Bxd3 Nd4 23. Ng3 Bc6 24. Ne4 d5 25. cxd5 Bxd5 26. Bb2 Rg8 27. Rac1 Rxc1 28.
Rxc1 Bxe4 29. Bxe4 Rg5 30. Qd1 Nxf5 31. Qe1 Nd6 32. d3 Bg7 33. Qxb4 Nxe4 34.
Qxe4 h5 35. Rf1 Qb6+ 36. Kh1 Qe6 37. Qc4 Qg6 38. Qxf7 Rxg2 39. Qxg6 Rxg6 40.
Rf5 Re6 41. Rxh5+ Kg8 42. Kg2 Kf7 43. Rf5+ Kg6 44. Rf3 Rc6 45. Rf2 Rd6 46. Rd2
Kf5 47. Kf3 Bh6 48. Rd1 Bf4 49. Bc1 Bxc1 50. Rxc1 Rxd3+ 51. Ke2 Rh3 52. Rf1+
Ke4 53. Rf2 Kd4 54. Kd2 e4 55. Re2 e3+ 56. Kc2 Rf3 57. Kd1 Rf1+ 58. Re1 Rf2 59.
Re2 Kd3 0-1

[Event "Int. Stuttgarter Stadtmeisterschaft A"]
[Site "Ditzingen"]
[Date "2012.05.19"]
[Round "6.5"]
[White "Graf, Felix"]
[Black "Petermann, Michail"]
[Result "1-0"]
[WhiteElo "2395"]
[BlackElo "2236"]
[PlyCount "61"]
[EventDate "2012.??.??"]
[WhiteTeam "FC Bayern München e.V."]
[BlackTeam "OSG Baden-Baden"]

1. d4 Nf6 2. Nf3 c5 3. d5 e6 4. c4 b5 5. Bg5 exd5 6. cxd5 d6 7. e4 a6 8. Nbd2
h6 9. Bxf6 Qxf6 10. Qc2 Nd7 11. a4 Rb8 12. axb5 axb5 13. Be2 g5 14. O-O Bg7 15.
e5 dxe5 16. Ne4 Qg6 17. h4 c4 18. h5 Qb6 19. Ng3 Nc5 20. Nh2 Nb3 21. Bg4 O-O
22. Bxc8 Rbxc8 23. Nf5 Rcd8 24. Rad1 Nd4 25. Qe4 Qf6 26. Rxd4 exd4 27. Ng4 Qb6
28. Nxg7 Kxg7 29. Qe5+ Kg8 30. Nf6+ Kh8 31. Qf5 1-0

[Event "Int. Stuttgarter Stadtmeisterschaft A"]
[Site "Ditzingen"]
[Date "2012.05.19"]
[Round "6.6"]
[White "Gutman, Lev"]
[Black "Braun, Georg"]
[Result "1-0"]
[WhiteElo "2444"]
[BlackElo "2187"]
[PlyCount "99"]
[EventDate "2012.??.??"]
[WhiteTeam "SV Lingen"]
[BlackTeam "SK Bebenhausen 1992"]

1. Nf3 b6 2. g3 Bb7 3. Bg2 e6 4. O-O f5 5. d3 Nf6 6. e4 fxe4 7. Nfd2 Be7 8.
dxe4 e5 9. Nc3 O-O 10. Nd5 Na6 11. a4 Nb4 12. Nc4 Ba6 13. b3 Bxc4 14. bxc4 Bc5
15. Nxf6+ Qxf6 16. c3 Nc6 17. Qxd7 Bxf2+ 18. Kh1 Qd6 19. Qg4 Bc5 20. Rd1 Qg6
21. Qxg6 hxg6 22. Bh3 Kh7 23. Bg5 Rf3 24. Be6 Raf8 25. Kg2 Rxc3 26. Rd7 Bd6 27.
Bd5 Nd4 28. Ra2 Nc2 29. Be7 Ne3+ 30. Kh3 Bxe7 31. Rxe7 g5 32. Re2 Rf6 33. Rxe3
Rxe3 34. Rxe5 Ra3 35. Re8 Kg6 36. e5 Rf2 37. Kg4 Re2 38. Re6+ Kh7 39. Kxg5 Rae3
40. Kf4 Re1 41. h4 R3e2 42. Re8 g6 43. Re7+ Kh8 44. g4 a5 45. h5 gxh5 46. gxh5
c5 47. Kf5 Rg1 48. Ke6 Rg5 49. Kd6 Rxh5 50. e6 1-0

[Event "Int. Stuttgarter Stadtmeisterschaft A"]
[Site "Ditzingen"]
[Date "2012.05.19"]
[Round "6.7"]
[White "Latzke, Boris Alexander"]
[Black "Nabavi, Parwis"]
[Result "1/2-1/2"]
[WhiteElo "2253"]
[BlackElo "2212"]
[PlyCount "134"]
[EventDate "2012.??.??"]
[WhiteTeam "SK Bebenhausen 1992"]
[BlackTeam "SGEM Dreisamtal"]

1. d4 d5 2. c4 e6 3. Nc3 Nf6 4. Bg5 Be7 5. cxd5 exd5 6. e3 c6 7. Bd3 Nbd7 8.
Qc2 O-O $2 9. Nf3 Re8 10. O-O-O Nf8 11. Bxf6 Bxf6 12. h3 Be6 13. Kb1 Rc8 14. g4
c5 15. dxc5 Rxc5 16. Nd4 a6 17. Qd2 Rc7 18. f4 Bxd4 19. exd4 f6 20. f5 Bf7 21.
Ne2 Qe7 22. Qf4 Rd7 23. Rhg1 Qe3 24. Qh2 h6 25. Rg3 Qe7 26. Nf4 Qd6 27. Qf2 Nh7
28. h4 Rc8 29. Re3 Re7 30. Rxe7 Qxe7 31. Re1 Qd6 32. Bc2 Nf8 33. Bb3 Nd7 34.
Ne6 Re8 35. Qf3 Nb6 36. Qe2 Bxe6 37. fxe6 Qf4 38. e7 Qd6 39. g5 fxg5 40. hxg5
Nc8 41. Qf3 Qg6+ 42. Qe4 Qxg5 43. Qxd5+ Qxd5 44. Bxd5+ Kh7 45. Be4+ g6 46. Bxb7
Rxe7 47. Rxe7+ Nxe7 48. d5 Nf5 49. Bxa6 Kg7 50. Bd3 Nd6 51. a4 g5 52. a5 Kf6
53. b4 Ke5 54. a6 Nc8 55. Be4 Kd6 56. Bf3 Kc7 57. Kc2 Kb6 58. Be2 h5 59. Bxh5
Kxa6 60. Kc3 Nd6 61. Be2+ Kb6 62. Kd4 g4 63. Bxg4 Kb5 64. Kc3 Ne4+ 65. Kd4 Nf6
66. Be6 Nxd5 67. Kxd5 Kxb4 1/2-1/2

[Event "Int. Stuttgarter Stadtmeisterschaft A"]
[Site "Ditzingen"]
[Date "2012.05.19"]
[Round "6.8"]
[White "Aring, Gerd"]
[Black "Pogan, Nikolas"]
[Result "1/2-1/2"]
[WhiteElo "2195"]
[BlackElo "2223"]
[PlyCount "37"]
[EventDate "2012.??.??"]
[WhiteTeam "SV Nürtingen 1920"]
[BlackTeam "TSV Willsbach"]

1. d4 Nf6 2. c4 e6 3. g3 Bb4+ 4. Bd2 a5 5. Bg2 O-O 6. Nf3 b6 7. O-O Bb7 8. Nc3
Ne4 9. Nxe4 Bxe4 10. a3 Bxd2 11. Nxd2 Bxg2 12. Kxg2 f5 13. e3 d6 14. b4 Nd7 15.
b5 Kh8 16. f4 Qe7 17. Qc2 Rae8 18. Rae1 Qf6 19. Nf3 1/2-1/2

[Event "Int. Stuttgarter Stadtmeisterschaft A"]
[Site "Ditzingen"]
[Date "2012.05.19"]
[Round "6.9"]
[White "Wenninger, Philipp"]
[Black "Schulte, Torsten"]
[Result "1-0"]
[WhiteElo "2205"]
[BlackElo "2129"]
[PlyCount "63"]
[EventDate "2012.??.??"]
[WhiteTeam "SK Bebenhausen 1992"]
[BlackTeam "SC Eppingen"]

1. d4 Nf6 2. Bg5 Ne4 3. Bh4 d5 4. f3 Nf6 5. Nc3 Bf5 6. Qd2 Bg6 7. O-O-O Nbd7 8.
Nh3 c6 9. Nf2 Qa5 10. e4 e6 11. a3 Nb6 12. Kb1 Nc4 13. Bxc4 dxc4 14. Nd5 Qxd2
15. Nxf6+ gxf6 16. Rxd2 f5 17. Re1 fxe4 18. fxe4 c3 19. bxc3 Bxa3 20. Ng4 f5
21. exf5 Bxf5 22. Nf6+ Kd8 23. g4 Bg6 24. Rxe6 Kc7 25. d5 Rad8 26. d6+ Bxd6 27.
Rexd6 Rxd6 28. Bg3 Rhd8 29. h4 h5 30. gxh5 Bf5 31. Bxd6+ Rxd6 32. Ne8+ 1-0

[Event "Int. Stuttgarter Stadtmeisterschaft A"]
[Site "Ditzingen"]
[Date "2012.05.19"]
[Round "6.10"]
[White "Bluma, Marcel"]
[Black "Bodrozic, Tomislav"]
[Result "1/2-1/2"]
[WhiteElo "2085"]
[BlackElo "2195"]
[PlyCount "39"]
[EventDate "2012.??.??"]
[WhiteTeam "SC Ingersheim e.V."]
[BlackTeam "SF Birkenfeld"]

1. e4 c5 2. Nf3 d6 3. d4 cxd4 4. Nxd4 Nf6 5. Nc3 a6 6. Be2 e5 7. Nb3 Be7 8. a4
Be6 9. O-O O-O 10. Kh1 Nc6 11. f4 exf4 12. Bxf4 Rc8 13. Nd4 Nxd4 14. Qxd4 Ne8
15. Rad1 Bf6 16. e5 dxe5 17. Bxe5 Qxd4 18. Bxd4 Bxd4 19. Rxd4 Nf6 20. Bf3
1/2-1/2

[Event "Int. Stuttgarter Stadtmeisterschaft A"]
[Site "Ditzingen"]
[Date "2012.05.19"]
[Round "6.11"]
[White "Andraschko, Felix"]
[Black "Kabisch, Thilo"]
[Result "0-1"]
[WhiteElo "2069"]
[BlackElo "2277"]
[PlyCount "70"]
[EventDate "2012.??.??"]
[WhiteTeam "SK Landau"]
[BlackTeam "SK Schmiden/Cannstatt"]

1. Nf3 Nf6 2. c4 g6 3. Nc3 Bg7 4. e4 d6 5. d4 O-O 6. Be2 e5 7. O-O Nc6 8. d5
Ne7 9. b4 Ne8 10. Nd2 f5 11. c5 Kh8 12. a4 Nf6 13. f3 Bh6 14. Nc4 Bxc1 15. Rxc1
f4 16. g4 g5 17. Rf2 Ng6 18. Nb5 Ne8 19. Qb3 h5 20. h3 Nh4 21. cxd6 cxd6 22.
Bd1 Rf6 23. Rcc2 Rh6 24. Nb2 Bd7 25. Qd3 a6 26. Nc3 hxg4 27. hxg4 Qe7 28. Nc4
b5 29. Nb6 Rb8 30. a5 Qh7 31. Rh2 Nf6 32. Nxd7 Qxd7 33. Nb1 Rf8 34. Rcf2 Qa7
35. Qc3 Rh7 {Zeitüberschreitung ??} 0-1

[Event "Int. Stuttgarter Stadtmeisterschaft A"]
[Site "Ditzingen"]
[Date "2012.05.19"]
[Round "6.12"]
[White "Gabriel, Josef"]
[Black "Gentner, Markus"]
[Result "1-0"]
[WhiteElo "2180"]
[BlackElo "2057"]
[PlyCount "79"]
[EventDate "2012.??.??"]
[WhiteTeam "Stuttgarter SF 1879"]
[BlackTeam "SC Murrhardt 1948 e.V."]

1. e4 c6 2. d4 d5 3. Nc3 dxe4 4. Nxe4 Nf6 5. Ng3 Bg4 6. Qd3 Nbd7 7. h3 Be6 8.
c4 g6 9. Bd2 h5 10. h4 Bg7 11. Bc3 Qc7 12. Nh3 Rd8 13. Ng5 Bg4 14. Qc2 Qf4 15.
Bd3 O-O 16. O-O Rfe8 17. Rae1 Nf8 18. N3e4 Bf5 19. g3 Qc7 20. Nxf6+ exf6 21.
Rxe8 Rxe8 22. Ne4 Bxe4 23. Bxe4 f5 24. Bf3 Nd7 25. Rd1 Nf6 26. Kg2 Ne4 27. Re1
Nf6 28. Rxe8+ Nxe8 29. Qa4 Nd6 30. Qxa7 Nxc4 31. Qc5 Nd6 32. d5 Ne4 33. Bxe4
Bxc3 34. bxc3 fxe4 35. d6 Qd7 36. Qd4 b6 37. Qe5 f5 38. Qf6 Qf7 39. Qd8+ Qf8
40. Qc7 1-0

[Event "Int. Stuttgarter Stadtmeisterschaft A"]
[Site "Ditzingen"]
[Date "2012.05.19"]
[Round "6.13"]
[White "Röttig, Hans-Peter"]
[Black "Naumann, Axel"]
[Result "1-0"]
[WhiteElo "2058"]
[BlackElo "2168"]
[PlyCount "87"]
[EventDate "2012.??.??"]
[WhiteTeam "SC 1934 Viernheim"]
[BlackTeam "Stuttgarter SF 1879"]

1. e4 c5 2. d4 cxd4 3. c3 Nf6 4. e5 Nd5 5. Bc4 Nb6 6. Bb3 d5 7. exd6 Qxd6 8.
Nf3 Nc6 9. Na3 a6 10. O-O Be6 11. Bxe6 Qxe6 12. Nxd4 Nxd4 13. Qxd4 Rd8 14. Qh4
Qc6 15. Nc2 e6 16. Nd4 Qd7 17. Bg5 Be7 18. Nf5 exf5 19. Bxe7 Qxe7 20. Rfe1 Nc8
21. h3 Rd6 22. Rxe7+ Nxe7 23. Qg5 Rg6 24. Qd2 Re6 25. Re1 Nc6 26. Rxe6+ fxe6
27. Qd6 Nd8 28. f4 Rf8 29. c4 Rf7 30. b4 Rd7 31. Qe5 Kf7 32. b5 axb5 33. cxb5
h5 34. a4 Rd1+ 35. Kf2 Rd5 36. Qc7+ Kf6 37. a5 Nf7 38. a6 bxa6 39. bxa6 Rd2+
40. Ke3 Ra2 41. a7 Ra3+ 42. Kd2 g5 43. fxg5+ Nxg5 44. Qd8+ 1-0

[Event "Int. Stuttgarter Stadtmeisterschaft A"]
[Site "Ditzingen"]
[Date "2012.05.19"]
[Round "6.14"]
[White "Kerpe, Andreas"]
[Black "Yin, Stanley"]
[Result "1/2-1/2"]
[WhiteElo "2168"]
[BlackElo "2047"]
[PlyCount "57"]
[EventDate "2012.??.??"]
[WhiteTeam "TSF Ditzingen"]
[BlackTeam "SC Caissa Schwarzenbach"]

1. e4 c6 2. d4 Na6 3. c3 Nc7 4. Bd3 d6 5. f4 Nf6 6. Nf3 g6 7. O-O Bg7 8. Qe2
Bg4 9. h3 Bxf3 10. Qxf3 Nd7 11. e5 O-O 12. exd6 exd6 13. f5 Qh4 14. Bf4 Rfe8
15. Na3 g5 16. Bg3 Qh6 17. Nc4 Nd5 18. Rae1 Bf8 19. Ne3 N7f6 20. Nxd5 cxd5 21.
Rxe8 Rxe8 22. Re1 Rxe1+ 23. Bxe1 g4 24. hxg4 Qg5 25. Bg3 Qc1+ 26. Kh2 Qh6+ 27.
Kg1 Qc1+ 28. Kh2 Qh6+ 29. Kg1 1/2-1/2

[Event "Int. Stuttgarter Stadtmeisterschaft A"]
[Site "Ditzingen"]
[Date "2012.05.19"]
[Round "6.15"]
[White "Hüttig, Michael"]
[Black "Fahnenschmidt, Gerhard"]
[Result "1-0"]
[WhiteElo "2164"]
[BlackElo "2012"]
[PlyCount "53"]
[EventDate "2012.??.??"]
[WhiteTeam "SC Erdmannhausen"]
[BlackTeam "VfL Sindelfingen"]

1. e4 c5 2. Nf3 Nc6 3. Nc3 g6 4. d4 cxd4 5. Nxd4 Bg7 6. Be3 d6 7. Be2 Nf6 8.
Nb3 O-O 9. f4 a5 10. a4 Nb4 11. O-O Bd7 12. Bf3 Bc6 13. Nd4 e5 14. Nxc6 bxc6
15. fxe5 dxe5 16. Qe2 Qc7 17. Rf2 Nd7 18. g4 Na6 19. Raf1 Ndc5 20. Qc4 Ne6 21.
Be2 Nf4 22. Bxf4 exf4 23. Rxf4 Qb6+ 24. Kh1 Qxb2 25. Rxf7 Rxf7 26. Rxf7 Qb4 27.
Ra7+ 1-0

[Event "Int. Stuttgarter Stadtmeisterschaft A"]
[Site "Ditzingen"]
[Date "2012.05.19"]
[Round "6.16"]
[White "Bräuner, Uwe"]
[Black "Marquardt, Patrick"]
[Result "1/2-1/2"]
[WhiteElo "2140"]
[BlackElo "2039"]
[PlyCount "40"]
[EventDate "2012.??.??"]
[WhiteTeam "SF Pfullingen"]
[BlackTeam "SG Donautal Tuttlingen"]

1. Nf3 d5 2. b3 Nf6 3. Bb2 e6 4. e3 c5 5. Bb5+ Bd7 6. Qe2 a6 7. Bxd7+ Nbxd7 8.
Ne5 Nxe5 9. Bxe5 Be7 10. O-O O-O 11. f4 b5 12. Rf3 Nd7 13. Rh3 Nxe5 14. fxe5
Qc7 15. d4 Rac8 16. c3 b4 17. Qh5 h6 18. Rg3 Kh8 19. Qg4 Rg8 20. Qe2 Rgf8
1/2-1/2

[Event "Int. Stuttgarter Stadtmeisterschaft A"]
[Site "Ditzingen"]
[Date "2012.05.19"]
[Round "6.17"]
[White "Ludwig, Sebastian"]
[Black "Khadempour, Farhad"]
[Result "1/2-1/2"]
[WhiteElo "2049"]
[BlackElo "2133"]
[PlyCount "103"]
[EventDate "2012.??.??"]
[WhiteTeam "SV Stuttgart-Wolfbusch 1956 e.V."]
[BlackTeam "SV Tübingen 1870 e.V."]

1. e4 c5 2. c3 Nc6 3. d4 cxd4 4. cxd4 d5 5. exd5 Qxd5 6. Nf3 e6 7. Nc3 Bb4 8.
Be2 Nf6 9. O-O Qd7 10. Be3 Nd5 11. Rc1 O-O 12. Nxd5 Qxd5 13. Bc4 Qd6 14. a3 Ba5
15. d5 exd5 16. Bxd5 Rd8 17. Bxc6 bxc6 18. Qxd6 Rxd6 19. Bc5 Rd5 20. b4 Bd8 21.
Rfe1 Bd7 22. Ne5 Bf6 23. Nxd7 Rxd7 24. Rcd1 Rxd1 25. Rxd1 a5 26. Kf1 g6 27. Rd6
Bb2 28. bxa5 Rxa5 29. Rxc6 Bxa3 30. Rc8+ Kg7 31. Bxa3 Rxa3 32. h4 Ra2 33. g3 h6
34. Rc5 Rd2 35. Kg2 Rd6 36. Ra5 Kf6 37. Rb5 Re6 38. Ra5 Re5 39. Ra6+ Re6 40.
Ra5 h5 41. Rb5 Re5 42. Rb6+ Kf5 43. Rb7 f6 44. Rb4 g5 45. hxg5 fxg5 46. Rb8 g4
47. Rb4 Kg6 48. Rb6+ Kg5 49. Rb8 Rf5 50. Ra8 Rf6 51. Ra5+ Kg6 52. Rb5 1/2-1/2

[Event "Int. Stuttgarter Stadtmeisterschaft A"]
[Site "Ditzingen"]
[Date "2012.05.19"]
[Round "6.18"]
[White "Turski, Tomasz"]
[Black "Zikeli, Saskia"]
[Result "1/2-1/2"]
[WhiteElo "2037"]
[BlackElo "2131"]
[PlyCount "45"]
[EventDate "2012.??.??"]
[WhiteTeam "SC Ingersheim e.V."]
[BlackTeam "SC Ingersheim e.V."]

1. d4 Nf6 2. c4 g6 3. Nc3 Bg7 4. e4 d6 5. Bd3 O-O 6. Nge2 e5 7. d5 Nbd7 8. h3
a5 9. Be3 Nc5 10. Bc2 Ne8 11. Qd2 f5 12. Bg5 Bf6 13. Bxf6 Qxf6 14. exf5 Bxf5
15. Ng3 Bxc2 16. Qxc2 Qf4 17. Nce4 Nxe4 18. Nxe4 Ng7 19. O-O Nf5 20. Rae1 Nd4
21. Qd2 b6 22. Qxf4 Rxf4 23. Nd2 1/2-1/2

[Event "Int. Stuttgarter Stadtmeisterschaft A"]
[Site "Ditzingen"]
[Date "2012.05.20"]
[Round "7.1"]
[White "Ikonnikov, Vyacheslav"]
[Black "Strunski, Andreas"]
[Result "1-0"]
[WhiteElo "2539"]
[BlackElo "2362"]
[PlyCount "55"]
[EventDate "2012.??.??"]
[WhiteTeam "SF Bad Mergentheim"]
[BlackTeam "Stuttgarter SF 1879"]

1. d4 d5 2. Nf3 Nf6 3. c4 c6 4. Nc3 dxc4 5. a4 e6 6. e4 Bb4 7. Bg5 Qa5 8. Bd2
c5 9. Bxc4 cxd4 10. Nxd4 Bd7 11. Qe2 Nc6 12. Nc2 O-O 13. O-O Rac8 14. Bb5 Qc7
15. Bxc6 Bxc3 16. Bxd7 Bxd2 17. Bxc8 Qxc2 18. Bxb7 e5 19. Rfd1 Qc7 20. Qxd2
Qxb7 21. f3 h6 22. b4 Qb6+ 23. Kh1 Re8 24. b5 Kh7 25. Rab1 Re6 26. a5 Qb7 27.
Qd8 Nh5 28. Rd7 1-0

[Event "Int. Stuttgarter Stadtmeisterschaft A"]
[Site "Ditzingen"]
[Date "2012.05.20"]
[Round "7.2"]
[White "Neyman, Igor"]
[Black "Karpatchev, Aleksandr"]
[Result "1/2-1/2"]
[WhiteElo "2314"]
[BlackElo "2414"]
[PlyCount "20"]
[EventDate "2012.??.??"]

1. d4 d5 2. c4 dxc4 3. Nf3 Nf6 4. e3 e6 5. Bxc4 a6 6. Bb3 c5 7. O-O b5 8. Qe2
Bb7 9. Rd1 Nbd7 10. a4 b4 1/2-1/2

[Event "Int. Stuttgarter Stadtmeisterschaft A"]
[Site "Ditzingen"]
[Date "2012.05.20"]
[Round "7.3"]
[White "Epishin, Vladimir"]
[Black "Graf, Felix"]
[Result "1/2-1/2"]
[WhiteElo "2572"]
[BlackElo "2395"]
[PlyCount "34"]
[EventDate "2012.??.??"]
[WhiteTeam "Lübecker SV von 1873"]
[BlackTeam "FC Bayern München e.V."]

1. d4 d5 2. c4 c6 3. Nc3 dxc4 4. e3 b5 5. a4 b4 6. Ne4 Qd5 7. Ng3 e5 8. Nf3
exd4 9. e4 Qd8 10. Bxc4 Ba6 11. Bxa6 Nxa6 12. Qxd4 Qxd4 13. Nxd4 c5 14. Nb3 c4
15. Na5 Rc8 16. Ke2 Rc5 17. Nb7 Rc7 1/2-1/2

[Event "Int. Stuttgarter Stadtmeisterschaft A"]
[Site "Ditzingen"]
[Date "2012.05.20"]
[Round "7.4"]
[White "Wenninger, Philipp"]
[Black "Gutman, Lev"]
[Result "0-1"]
[WhiteElo "2205"]
[BlackElo "2444"]
[PlyCount "158"]
[EventDate "2012.??.??"]
[WhiteTeam "SK Bebenhausen 1992"]
[BlackTeam "SV Lingen"]

1. c4 Nf6 2. Nc3 g6 3. e4 Bg7 4. d4 O-O 5. Bd3 d6 6. Nge2 Nc6 7. O-O a6 8. f3
Nd7 9. Be3 e5 10. d5 Nd4 11. Qd2 c5 12. dxc6 bxc6 13. b4 Nb6 14. c5 dxc5 15.
bxc5 Nd7 16. Na4 Re8 17. Rfd1 Qe7 18. Qc3 Nb5 19. Bxb5 axb5 20. Nb6 Nxb6 21.
cxb6 Ra3 22. Qc1 Bf8 23. Bf2 Bb7 24. Qd2 b4 25. Rac1 Qe6 26. Rc2 c5 27. Qd7
Qxd7 28. Rxd7 Ba6 29. Bxc5 Bxc5+ 30. Rxc5 Bxe2 31. b7 Ba6 32. Rxe5 Rb8 33. Ree7
Rd3 34. Rc7 Rc3 35. Rcd7 Bb5 36. Rc7 Rxc7 37. Rxc7 Ba6 38. Rc6 Bxb7 39. Rb6 Kf8
40. Rxb4 Ke7 41. Kf2 Kd6 42. Ke3 Kc7 43. Kf4 Ra8 44. Rb2 Ra5 45. a3 Bc8 46. Rb3
Be6 47. Rd3 f6 48. h4 h6 49. Kg3 Bd7 50. Kf4 Kd8 51. Rc3 Ke7 52. Rd3 Rc5 53.
Rb3 Rc2 54. g4 g5+ 55. Kg3 Ra2 56. Rc3 Ra1 57. Rb3 Ra2 58. Rc3 Ba4 59. hxg5
hxg5 60. f4 Bd7 61. Re3 Bc6 62. Rc3 Kd6 63. e5+ fxe5 64. fxe5+ Kd5 65. Re3 Kd4
66. Rb3 Bd5 67. Rb4+ Kxe5 68. Ra4 Rg2+ 69. Kh3 Re2 70. Ra7 Re3+ 71. Kh2 Kf4 72.
Ra4+ Be4 73. Kg1 Rg3+ 74. Kf2 Rxg4 75. Ra7 Rg2+ 76. Kf1 Ra2 77. Ke1 g4 78. Rf7+
Ke3 79. Rd7 g3 0-1

[Event "Int. Stuttgarter Stadtmeisterschaft A"]
[Site "Ditzingen"]
[Date "2012.05.20"]
[Round "7.5"]
[White "Vaysberg, Alexander"]
[Black "Gheng, Josef"]
[Result "1-0"]
[WhiteElo "2198"]
[BlackElo "2334"]
[PlyCount "63"]
[EventDate "2012.??.??"]
[WhiteTeam "SC Gross-Sachsenheim"]
[BlackTeam "SC Erdmannhausen"]

1. e4 e5 2. Nc3 c6 3. d4 d6 4. Be3 Qc7 5. Qd2 Nf6 6. h3 Be7 7. g4 b5 8. a3 a6
9. Bg2 Bb7 10. Nge2 Nbd7 11. Ng3 Nb6 12. b3 g6 13. O-O h5 14. g5 Nfd7 15. f4
O-O-O 16. fxe5 dxe5 17. d5 cxd5 18. Nxd5 Nxd5 19. exd5 f5 20. gxf6 Nxf6 21. c4
e4 22. Ne2 bxc4 23. bxc4 Nd7 24. Nf4 Nc5 25. Nxg6 Rhg8 26. Nxe7+ Qxe7 27. Qb4
Rxg2+ 28. Kxg2 Qg7+ 29. Kh1 Nd3 30. Qb6 Qg3 31. Qe6+ Kb8 32. Rab1 1-0

[Event "Int. Stuttgarter Stadtmeisterschaft A"]
[Site "Ditzingen"]
[Date "2012.05.20"]
[Round "7.6"]
[White "Nabavi, Parwis"]
[Black "Ackermann, Hans Werner"]
[Result "0-1"]
[WhiteElo "2212"]
[BlackElo "2290"]
[PlyCount "152"]
[EventDate "2012.??.??"]
[WhiteTeam "SGEM Dreisamtal"]
[BlackTeam "SC Hansa Dortmund e.V."]

1. d4 d5 2. Nf3 Nc6 3. Bf4 Bg4 4. e3 e6 5. Be2 Bd6 6. Ne5 Bxe2 7. Qxe2 Bxe5 8.
Bxe5 f6 9. Bg3 h5 10. h3 Nge7 11. Nd2 Nf5 12. Bh2 Qe7 13. O-O-O O-O-O 14. g4
Nh6 15. Bg3 Kb8 16. Kb1 Rdg8 17. Nb3 Nf7 18. e4 Rd8 19. f3 hxg4 20. hxg4 Rxh1
21. Rxh1 dxe4 22. Qxe4 e5 23. dxe5 Nfxe5 24. a3 a6 25. Re1 Qd6 26. g5 Qd5 27.
gxf6 gxf6 28. Bxe5 Nxe5 29. Qxd5 Rxd5 30. Kc1 b6 31. Re4 Kc8 32. Rf4 Nd7 33.
Nd2 Kd8 34. c3 Ke7 35. Rd4 Rh5 36. Re4+ Kf7 37. Rc4 c5 38. b4 b5 39. Re4 Ne5
40. bxc5 Nd3+ 41. Kc2 Nxc5 42. Re2 Rh4 43. Ne4 Nxe4 44. fxe4 Ke6 45. Kd3 Ke5
46. Rf2 Rh3+ 47. Kd2 Ke6 48. Rf5 Rh2+ 49. Kd3 Ra2 50. Kd4 Rxa3 51. Rc5 Ra4+ 52.
Kd3 Ra1 53. Rc6+ Ke5 54. Rc5+ Kd6 55. Rc8 Kd7 56. Rb8 Rd1+ 57. Ke3 Rd6 58. Ra8
Rc6 59. Kd4 Kc7 60. Re8 a5 61. e5 Rc4+ 62. Kd3 f5 63. Rf8 f4 64. Rf5 a4 65. e6
a3 66. Rxb5 Ra4 67. Rb1 Kd6 68. Kc2 a2 69. Ra1 Kxe6 70. Kb3 Ra7 71. Kb2 Kd5 72.
Rd1+ Ke4 73. Ka1 f3 74. c4 f2 75. c5 Rg7 76. c6 Rg1 0-1

[Event "Int. Stuttgarter Stadtmeisterschaft A"]
[Site "Ditzingen"]
[Date "2012.05.20"]
[Round "7.7"]
[White "Kabisch, Thilo"]
[Black "Aring, Gerd"]
[Result "1-0"]
[WhiteElo "2277"]
[BlackElo "2195"]
[PlyCount "69"]
[EventDate "2012.??.??"]
[WhiteTeam "SK Schmiden/Cannstatt"]
[BlackTeam "SV Nürtingen 1920"]

1. e4 c5 2. Nf3 Nc6 3. d4 cxd4 4. Nxd4 Nf6 5. Nc3 e5 6. Ndb5 d6 7. Nd5 Nxd5 8.
exd5 Nb8 9. c4 Be7 10. Be2 O-O 11. O-O a6 12. Nc3 f5 13. Kh1 Bf6 14. f3 Nd7 15.
Be3 b6 16. Qd2 a5 17. Rac1 Ba6 18. a3 Nc5 19. Qc2 Bg5 20. Bxg5 Qxg5 21. b4 axb4
22. axb4 Nd7 23. Qa4 Qe7 24. Ra1 Bxc4 25. Qxa8 Bxe2 26. Nxe2 Rxa8 27. Rxa8+ Kf7
28. Ra7 Kg6 29. Rc1 e4 30. f4 e3 31. h3 Qe4 32. Rxd7 Qxd5 33. Kh2 Qb5 34. Rcc7
Qxe2 35. Rxd6+ 1-0